Najdrożsi piłkarze premier league - Statystyki

Ogólne statystyki
  • Ten quiz został rozwiązany 172 razy
  • Średni wynik to 38 z 101
Statystyki odpowiedzi
Cena Piłkarz % Poprawnych
180mln Haaland / haland
95%
120mln Saka
82%
65mln Salah
82%
110mln Foden
79%
40mln Ederson / morales
75%
70mln De bruyne /kdb
68%
80mln Dias
68%
75mln Grealish
68%
80mln Silva / bernardo
68%
75mln Rashford
66%
90mln Odegaard / odegard
65%
50mln Son
64%
75mln Jesus
63%
80mln Martinelli
63%
75mln Fernandez / bruno
62%
65mln Nunez / darwin
61%
55mln Nunez
60%
100mln Rodri /rodrigo
59%
70mln Saliba
58%
100mln Rice
57%
75mln Diaz
53%
55mln Gabriel / magalhaes
53%
42mln Ake
52%
65mln Arnold / Alexander arnold
52%
80mln Fernandez / enzo
52%
50mln Martinez / lisandro
51%
50mln Sterling
51%
40mln | 50mln Onana
48%
40mln Robertson
48%
35mln | 80mln Alvarez
47%
80mln Gvardiol
47%
40mln Stones
47%
50mln Antony / antonhy
45%
40mln Casemiro
45%
38mln Akanji
42%
90mln Caicedo
42%
55mln Gakpo
42%
60mln Havertz
42%
55mln James
42%
65mln Mac allister
42%
45mln Mudryk
42%
60mln Doku
41%
50mln Jota
40%
55mln Watkins
40%
38mln Konate
39%
65mln Hojlund
38%
70mln Isak
38%
60mln Mount
35%
55mln White
35%
70mln Szoboszlai
34%
42mln Zinchenko
34%
70mln Maddison
33%
80mln Nkunku
32%
42mln Shaw
30%
85mln Guimaraes
29%
38mln Kovacic
29%
40mln Dalot
28%
50mln Kulusevski
28%
40mln Richarlison
28%
60mln Romero
28%
45mln Gordon
26%
40mln Fofana
25%
55mln Luiz / douglas
25%
65mln Paqueta
25%
40mln Porro
25%
60mln Tonali
25%
48mln Bowen
23%
55mln Diaby
23%
48mln Eze
23%
38mln Udogie
22%
50mln Mitoma
21%
40mln Van de ven
21%
50mln Olise
20%
45mln Botman
19%
40mln Disasi
18%
42mln Joelinton
18%
50mln Lavia
18%
45mln Torres
18%
40mln Badiashile
17%
35mln Barnes
17%
40mln Kudus
17%
40mln Gallagher
16%
42mln Timber
16%
42mln Colwill
15%
35mln Elliott
15%
65mln Ferguson
15%
48mln Johnson
15%
35mln Sarr
15%
35mln Soucek
15%
40mln Bentancur
14%
35mln Guehi
14%
40mln Gibbs white
12%
55mln Palhinha
12%
38mln Ward prowse
12%
38mln Willock
10%
35mln Fati
9%
42mln Ramsey
9%
35mln Doucoure
8%
35mln Aguerd
4%
Nie znaleziono quizów pasujących do podanych kryteriów
Rozkład punktacji
Procent ludzi z każdym wynikiem
Percentyl według liczby udzielonych odpowiedzi
Twoja historia wyników
Nie rozwiązałeś tego quizu